| 000 | 00536nam a22001697a 4500 | ||
|---|---|---|---|
| 003 | SGT | ||
| 020 | _a9789382391128 | ||
| 082 | _a332.6457,ROY | ||
| 100 | _aROY,H J GHOSH | ||
| 245 | _aFINANCIAL AND COMMODITIES DERIVATIVES | ||
| 250 | _a1ST | ||
| 260 |
_aNEW DELHI _bLUXMI PUBLISHING HOUSE _c2013 |
||
| 300 | _a379 | ||
| 650 | _aFINANCIAL ECONOMICS | ||
| 653 | _aGROWTH & DEVELOPMENT OF DERIVATIVES MARKETS, EQUITY DERIVATIVES, CREDIT DERIVATIVES, CURRENCY DERIVATIVES, COMMODITIES DERIVATIVES, MISCELLANEOUS, | ||
| 942 |
_2ddc _cFCM _01 |
||
| 999 |
_c9065 _d9065 |
||